[Event "2006 Standard Chess Dropout Tournament, Round 6"]
[Site "SchemingMind.com"]
[Date "2007.08.11"]
[Round "6"]
[White "latvija"]
[Black "saxon"]
[Result "0-1"]
[WhiteCountry "USA"]
[BlackCountry "GER"]
[WhiteElo "2040"]
[WhiteRD "88"]
[BlackElo "2414"]
[BlackRD "102"]
[GameID "115488"]

1. e4 c5 2. Nf3 e6 3. d4 cxd4 4. Nxd4 Nc6 5. Nc3 Qc7 6. Be3 a6 7. Bd3 Nf6 8. O-O Ne5 9. h3 Bc5 10. Kh1 d6
11. f4 Ng6 12. Qe1 O-O 13. f5 Ne5 14. Qh4 Bd7 15. Nce2 Nxd3 16. cxd3 e5 17. Nc2 d5 18. Bg5 Be7 19. Ne3 dxe4 20. dxe4 Qb6
21. b3 Bb5 22. Nc4 Bxc4 23. bxc4 Rac8 24. Rab1 Qc6 25. c5 Rc7 26. Nc3 Qxc5 27. Rf3 Qa5 28. Qg3 Nh5 29. Qg4 Bxg5 30. Qxh5 Rxc3
31. Rxc3 Qxc3 32. Qxg5 f6 33. Qg4 Qc6 34. Qf3 b5 35. Rd1 Rb8 36. Qe3 h6 37. Kh2 Kh7 38. Rc1 Qb6 39. Qg3 a5 40. a3 b4
41. axb4 axb4 42. Rc2 b3 43. Rb2 Qb4 44. Qe3 Qd4 45. Rxb3 Rxb3
0-1